[Event "AUTO-ELITE-2521"]
[Site "http://www.queenalice.com/game.php?id=1830716"]
[Date "2024.2.1"]
[Round "1"]
[White "landrov"]
[Black "trompmaster"]
[Result "1-0"]
[WhiteElo "2256"]
[BlackElo "2472"]

1. e4 g6 2. d4 Bg7 3. Nf3 d6 4. Bc4 a6 5. O-O e6 6. Re1 Ne7 7. c3 O-O 8. Bb3 h6
9. a4 b6 10. Bf4 Nd7 11. Nbd2 a5 12. h3 g5 13. Bh2 Bb7 14. Rc1 Ng6 15. Nc4 h5
16. Nfd2 Nf6 17. e5 dxe5 18. Nxe5 Nh4 19. Ndf3 Nxg2 20. Kxg2 g4 21. Kh1 Ne4 22.
Rxe4 Bxe4 23. Qe2 Bb7 24. Rg1 gxf3 25. Qe3 Kh7 26. Rg5 Kg8 27. Rg1 Kh7 28. Bf4
Qe8 29. Qe1 Rb8 30. Rxg7+ Kxg7 31. Qg1+ Kh8 32. Qg5 Be4 33. Qf6+ Kh7 34. Ng4 1-0

[Event "AUTO-MASTER-3175"]
[Site "http://www.queenalice.com/game.php?id=1830724"]
[Date "2024.2.2"]
[Round "2"]
[White "diedoofen"]
[Black "landrov"]
[Result "1/2-1/2"]
[WhiteElo "2551"]
[BlackElo "2331"]

1. d4 Nf6 2. Nf3 g6 3. c4 Bg7 4. Nc3 O-O 5. e4 d6 6. Be2 Na6 7. O-O e5 8. Be3
Qe7 9. d5 Ng4 10. Bg5 f6 11. Bh4 g5 12. Bg3 f5 13. exf5 Bxf5 14. Re1 h5 15. Nd2
Nc5 16. h3 Nf6 17. b4 h4 18. Bh2 Nce4 19. Ncxe4 Nxe4 20. Nxe4 Bxe4 21. Bg4 Bg6
22. c5 a5 23. cxd6 cxd6 24. b5 Qd8 25. Qd2 Bf5 26. Bxf5 Rxf5 27. f3 Qb6+ 28. Kh1
Qxb5 29. Rab1 Qd7 30. Re4 Bf6 31. Rc4 Bd8 32. Qc2 Rf7 33. Bg1 b5 34. Rc6 Rb8 35.
Qg6+ Rg7 36. Qc2 Rf7 37. Qg6+ Rg7 38. Qe4 Rf7 39. Qg6+ 1/2-1/2

[Event "AUTO-MASTER-3175"]
[Site "http://www.queenalice.com/game.php?id=1830725"]
[Date "2024.2.2"]
[Round "2"]
[White "landrov"]
[Black "diedoofen"]
[Result "1/2-1/2"]
[WhiteElo "2360"]
[BlackElo "2571"]

1. e4 d6 2. d4 Nf6 3. Nc3 g6 4. f4 Bg7 5. Nf3 O-O 6. Bd3 Nbd7 7. e5 Ne8 8. Ne4
c5 9. c3 cxd4 10. cxd4 dxe5 11. fxe5 Nb6 12. O-O Bg4 13. Neg5 h6 14. h3 Bf5 15.
Ne4 Nc7 16. a4 Rc8 17. a5 Nbd5 18. Nc5 b6 19. Bxf5 gxf5 20. axb6 axb6 21. Na4 e6
22. Bd2 Qd7 23. Nc3 Ra8 24. Rxa8 Rxa8 25. Qe1 b5 26. Qh4 Qe7 27. Qh5 Nxc3 28.
bxc3 Nd5 29. g4 fxg4 30. Qxg4 f5 31. exf6 Nxf6 32. Qh4 Qe8 33. Ne5 Ra2 34. Bxh6
Qh5 35. Qxh5 Nxh5 36. Bxg7 Nxg7 37. Nc6 Nf5 38. Rf3 Ra6 39. Nb4 Ra4 40. Rd3 Nd6
41. Re3 Nf5 42. Rxe6 Nxd4 43. Re4 Nb3 44. Kf2 Nd2 45. Rg4+ Kf7 46. Ke3 Nc4+ 47.
Kd4 Ra8 48. Nd5 Rc8 49. Rf4+ Kg7 50. Rf2 Kh6 51. Ne7 Rd8+ 52. Kc5 Rd3 53. Nd5
Rxh3 54. Kxb5 Nd6+ 55. Kc6 Ne4 56. Rc2 Nxc3 57. Nxc3 Kg6 58. Nd5 Rh1 1/2-1/2

[Event "AUTO-OPEN-4424"]
[Site "http://www.queenalice.com/game.php?id=1832826"]
[Date "2024.3.5"]
[Round "3"]
[White "grotegeest"]
[Black "landrov"]
[Result "1-0"]
[WhiteElo "2565"]
[BlackElo "2407"]

1. e4 c5 2. Nf3 Nc6 3. d4 cxd4 4. Nxd4 Nf6 5. Nc3 e5 6. Ndb5 d6 7. Bg5 a6 8. Na3
b5 9. Bxf6 gxf6 10. Nd5 f5 11. Bd3 Be6 12. O-O Bxd5 13. exd5 Ne7 14. Re1 Bg7 15.
c3 O-O 16. Qh5 e4 17. Bf1 Qd7 18. Rad1 Ng6 19. g3 Rae8 20. Bh3 Re5 21. Nc2 Rd8
22. Nb4 Ne7 23. f4 exf3 24. Qxf3 Qc8 25. Rf1 Re8 26. Nd3 Rxd5 27. Rfe1 Be5 28.
Bg2 b4 29. Qf2 Rxd3 30. Rxd3 bxc3 31. bxc3 Bxc3 32. Rb1 Be5 33. Kh1 Qc4 34. Qd2
Rc8 35. Qg5+ Kf8 36. Rdb3 Qe6 37. Rb8 Ng6 38. Rxc8+ Qxc8 39. Qc1 Qxc1+ 40. Rxc1
Ne7 41. Rd1 Kg7 42. Rd3 1-0

[Event "AUTO-OPEN-4424"]
[Site "http://www.queenalice.com/game.php?id=1832827"]
[Date "2024.3.5"]
[Round "3"]
[White "landrov"]
[Black "grotegeest"]
[Result "1/2-1/2"]
[WhiteElo "2380"]
[BlackElo "2677"]

1. d4 Nf6 2. Bf4 g6 3. Nc3 d6 4. e4 c6 5. Qd2 b5 6. Bd3 Nh5 7. Bg5 h6 8. Be3 e5
9. Nf3 Bg7 10. dxe5 dxe5 11. a4 b4 12. Ne2 Qe7 13. O-O Bg4 14. Bc4 Nd7 15. Rad1
Nhf6 16. Ng3 a5 17. b3 Be6 18. Bxe6 Qxe6 19. h3 c5 20. c4 O-O-O 21. Qc2 Bf8 22.
Rd3 Nb6 23. Rxd8+ Kxd8 24. Rd1+ Kc8 25. Bc1 Nbd7 26. Bb2 Bd6 27. Nf1 Rd8 28. Ne3
Nb8 29. Nd5 Nc6 30. Nxf6 Qxf6 31. Rd5 Qg7 1/2-1/2

[Event "AUTO-OPEN-4455"]
[Site "http://www.queenalice.com/game.php?id=1843031"]
[Date "2024.9.4"]
[Round "2"]
[White "rmvwoods"]
[Black "landrov"]
[Result "0-1"]
[WhiteElo "2117"]
[BlackElo "2371"]

1. d4 Nf6 2. c4 e6 3. Nf3 b6 4. g3 Ba6 5. Nbd2 Bb7 6. Bg2 c5 7. e4 cxd4 8. Nxd4
Bc5 9. N4b3 Be7 10. O-O e5 11. Re1 O-O 12. Nf3 d6 13. Bg5 Nxe4 14. Bxe7 Qxe7 15.
Qd3 f5 16. Nbd2 Nc5 17. Qc3 Nc6 18. b4 Ne6 19. Re3 Rac8 20. Rae1 Qf7 21. Qb2
Rce8 22. b5 f4 23. R3e2 Ncd4 24. Ne4 fxg3 25. Nxd4 gxh2+ 26. Kxh2 Nxd4 27. Rd2
Qh5+ 28. Kg1 Qg4 29. Kf1 Rf4 30. f3 Ref8 31. Rf2 Nxf3 32. Bxf3 Rxf3 33. Qc2 Bxe4
34. Rxe4 Rxf2+ 0-1

[Event "AUTO-OPEN-4455"]
[Site "http://www.queenalice.com/game.php?id=1843032"]
[Date "2024.9.4"]
[Round "2"]
[White "landrov"]
[Black "rmvwoods"]
[Result "1-0"]
[WhiteElo "2366"]
[BlackElo "2120"]

1. e4 c5 2. Nf3 d6 3. d4 cxd4 4. Nxd4 Nf6 5. Nc3 e6 6. g4 Nc6 7. g5 Nd7 8. Be3
Be7 9. h4 O-O 10. Qd2 a6 11. O-O-O Nxd4 12. Qxd4 b5 13. f4 Bb7 14. Kb1 f5 15.
Bh3 Nc5 16. exf5 exf5 17. Nd5 Ne4 18. Bxf5 Rxf5 19. Qxe4 Rxd5 20. Rxd5 Bxd5 21.
Qxd5+ Kf8 22. f5 Rc8 23. Bd4 Qc7 24. Rc1 Qc4 25. Qe4 Qf7 26. Rf1 Qc4 27. Re1 Qf7
28. g6 hxg6 29. fxg6 Qc4 30. Qxe7+ 1-0

[Event "AUTO-OPEN-4455"]
[Site "http://www.queenalice.com/game.php?id=1843045"]
[Date "2024.9.4"]
[Round "2"]
[White "landrov"]
[Black "Takeda"]
[Result "1-0"]
[WhiteElo "2355"]
[BlackElo "2122"]

1. e4 g6 2. d4 Bg7 3. Nf3 d6 4. Bc4 Bg4 5. Bxf7+ Kxf7 6. Ng5+ Ke8 7. Qxg4 Qd7 8.
Qf3 Nh6 9. Qb3 c5 10. Ne6 Bxd4 11. Bxh6 Nc6 12. c3 Be5 13. O-O b5 14. Qd5 Rc8
15. f4 Bf6 16. Nd2 Nd8 17. f5 Nxe6 18. fxe6 Qc6 19. Nf3 b4 20. Rad1 Qxd5 21.
Rxd5 bxc3 22. e5 Bxe5 23. Nxe5 dxe5 24. bxc3 Rc6 25. Rxe5 Kd8 26. Rd5+ Rd6 27.
Rxd6+ exd6 28. Bg5+ Kc7 29. Rf7+ 1-0

[Event "AUTO-OPEN-4455"]
[Site "http://www.queenalice.com/game.php?id=1843046"]
[Date "2024.9.4"]
[Round "2"]
[White "Takeda"]
[Black "landrov"]
[Result "0-1"]
[WhiteElo "2131"]
[BlackElo "2375"]

1. e4 c5 2. Nf3 Nc6 3. d4 cxd4 4. Nxd4 Nf6 5. Nc3 e5 6. Nf5 d5 7. exd5 Bxf5 8.
dxc6 bxc6 9. Bd3 Bxd3 10. Qxd3 Qxd3 11. cxd3 Bc5 12. O-O O-O 13. Re1 Rad8 14.
Rxe5 Bxf2+ 15. Kf1 Bd4 16. Re7 Bxc3 17. bxc3 Rxd3 18. Re3 Rfd8 19. Rb1 Rd1+ 20.
Ke2 h6 21. a4 Kh7 22. Re7 Kg6 23. Rxa7 Rg1 24. Rbb7 Rxc1 25. Rxf7 Rc2+ 26. Ke1
Ne8 27. Rf8 Rb8 28. Kd1 Rxg2 29. Kc1 Rxh2 30. Re7 Rb3 31. Rfxe8 Rxc3+ 32. Kb1
Rb3+ 33. Ka1 Ra3+ 34. Kb1 Kh7 35. Re4 Rg3 36. a5 Rb3+ 37. Kc1 Ra3 38. Kb1 Rxa5
39. Rc4 Rb5+ 40. Kc1 Rg5 41. Kd1 c5 0-1

[Event "AUTO-ELITE-2521"]
[Site "http://www.queenalice.com/game.php?id=1846742"]
[Date "2024.11.6"]
[Round "2"]
[White "landrov"]
[Black "bishop55"]
[Result "1/2-1/2"]
[WhiteElo "2405"]
[BlackElo "2551"]

1. e4 c5 2. Nf3 d6 3. d4 cxd4 4. Nxd4 Nf6 5. Nc3 a6 6. Bg5 e6 7. f4 Qb6 8. Qd2
Qxb2 9. Rb1 Qa3 10. f5 Nc6 11. fxe6 fxe6 12. Nxc6 bxc6 13. Be2 Be7 14. O-O O-O
15. Rb3 Qc5+ 16. Be3 Qe5 17. Bd4 Qa5 18. Bb6 Qe5 19. Bd4 Qa5 20. Bb6 Qe5 21. Bd4
Qa5 1/2-1/2

[Event "Challenge"]
[Site "http://www.queenalice.com/game.php?id=1854486"]
[Date "2025.3.25"]
[Round "-"]
[White "jogo"]
[Black "landrov"]
[Result "0-1"]
[WhiteElo "1862"]
[BlackElo "2402"]

1. e4 c5 2. Nf3 d6 3. d4 cxd4 4. Nxd4 Nf6 5. Nc3 a6 6. Be3 e6 7. f4 b5 8. e5
dxe5 9. fxe5 Nd5 10. Nxd5 Qxd5 11. Qf3 Bb7 12. Qxd5 Bxd5 13. O-O-O Nd7 14. Bf4
h6 15. h4 Nb6 16. b3 Ba3+ 17. Kb1 O-O 18. Bc1 Bxc1 19. Kxc1 Rac8 20. Rg1 Rfd8
0-1

[Event "AUTO-OPEN-4600"]
[Site "http://www.queenalice.com/game.php?id=1858833"]
[Date "2025.6.16"]
[Round "1"]
[White "bmax"]
[Black "landrov"]
[Result "1/2-1/2"]
[WhiteElo "2242"]
[BlackElo "2421"]

1. d4 Nf6 2. Nf3 g6 3. e3 Bg7 4. Bd3 O-O 5. c4 d6 6. Nc3 Nbd7 7. e4 e5 8. d5 Nc5
9. Bc2 a5 10. O-O Nfd7 11. Bg5 f6 12. Bd2 f5 13. Bg5 Nf6 14. exf5 Bxf5 15. Bxf5
gxf5 16. Nh4 Qd7 17. Qc2 Nfe4 18. Nxe4 Nxe4 19. Be3 Bf6 20. Nf3 Kh8 21. Nd2 Nxd2
22. Bxd2 b6 23. Rae1 Rg8 24. f4 e4 25. Re3 Rg6 26. Bc3 Bxc3 27. Qxc3+ Qg7 28.
Qxg7+ Kxg7 29. a4 h5 30. h4 Kf6 31. g3 Ke7 32. Kf2 1/2-1/2

[Event "AUTO-OPEN-4600"]
[Site "http://www.queenalice.com/game.php?id=1858834"]
[Date "2025.6.16"]
[Round "1"]
[White "landrov"]
[Black "bmax"]
[Result "1-0"]
[WhiteElo "2406"]
[BlackElo "2231"]

1. e4 c6 2. d4 d5 3. Nc3 dxe4 4. Nxe4 Bf5 5. Ng3 Bg6 6. h4 h6 7. Nf3 Nd7 8. h5
Bh7 9. Bd3 Bxd3 10. Qxd3 e6 11. Bd2 Ngf6 12. O-O-O Be7 13. Kb1 O-O 14. Ne4 c5
15. g4 Nxg4 16. Qe2 f5 17. Nxc5 Nxc5 18. dxc5 Bxc5 19. Bxh6 Qb6 20. Bg5 Nxf2 21.
h6 Nxh1 22. Rxh1 1-0

[Event "AUTO-OPEN-4600"]
[Site "http://www.queenalice.com/game.php?id=1858855"]
[Date "2025.6.16"]
[Round "1"]
[White "Nolimet"]
[Black "landrov"]
[Result "0-1"]
[WhiteElo "1935"]
[BlackElo "2419"]

1. e4 c5 2. Ne2 Nc6 3. Nbc3 d6 4. g3 g6 5. Bg2 Bg7 6. O-O e6 7. f4 Nge7 8. d3
O-O 9. g4 f5 10. gxf5 exf5 11. Rb1 Be6 12. a3 Qd7 13. Be3 Nd4 14. Bf2 Nec6 15.
Ng3 fxe4 16. dxe4 Rxf4 17. Nd5 Bg4 18. Qd2 Nf3+ 19. Bxf3 Rxf3 20. c3 Raf8 21. b4
Ne5 22. bxc5 Bh3 23. Bd4 Bxf1 24. Rxf1 Rxf1+ 25. Nxf1 Nf3+ 0-1

[Event "AUTO-OPEN-4600"]
[Site "http://www.queenalice.com/game.php?id=1858856"]
[Date "2025.6.16"]
[Round "1"]
[White "landrov"]
[Black "Nolimet"]
[Result "1-0"]
[WhiteElo "2418"]
[BlackElo "1935"]

1. e4 e6 2. d4 d5 3. Nc3 Nf6 4. e5 Nfd7 5. f4 c5 6. Nf3 Nc6 7. Be3 Qb6 8. Na4
Qc7 9. Nxc5 Nxc5 10. dxc5 Qa5+ 11. c3 Bd7 12. Bd3 Be7 13. b4 Qc7 14. O-O O-O 15.
Qc2 g6 16. a3 a6 17. c4 dxc4 18. Bxc4 Rad8 19. Rad1 Be8 20. Rd6 Na7 21. f5 exf5
22. Rfd1 Nc6 23. Qc3 Bxd6 24. exd6 Qc8 25. Bh6 1-0

[Event "AUTO-OPEN-4600"]
[Site "http://www.queenalice.com/game.php?id=1858869"]
[Date "2025.6.16"]
[Round "1"]
[White "landrov"]
[Black "Rafale2000"]
[Result "1-0"]
[WhiteElo "2420"]
[BlackElo "1962"]

1. e4 Nf6 2. e5 Nd5 3. d4 d6 4. Nf3 Bg4 5. Be2 e6 6. O-O dxe5 7. Nxe5 Bf5 8. a3
Bd6 9. c4 Bxe5 10. dxe5 Nb6 11. Qxd8+ Kxd8 12. Bg5+ Ke8 13. Nc3 Nc6 14. Nb5 Rc8
15. Rad1 h6 16. Bf4 Ke7 17. Be3 Rhd8 18. f4 a6 19. Bc5+ Ke8 20. Nxc7+ Rxc7 21.
Bxb6 Rxd1 22. Rxd1 Rd7 23. Rxd7 Kxd7 24. b4 g5 25. g3 gxf4 26. gxf4 Ke7 27. Kf2
f6 28. b5 axb5 29. cxb5 Nb8 30. exf6+ Kxf6 31. Bd4+ Ke7 32. Bf3 Bd3 33. a4 1-0

[Event "AUTO-OPEN-4600"]
[Site "http://www.queenalice.com/game.php?id=1858870"]
[Date "2025.6.16"]
[Round "1"]
[White "Rafale2000"]
[Black "landrov"]
[Result "0-1"]
[WhiteElo "1931"]
[BlackElo "2410"]

1. e4 c5 2. c3 Nf6 3. e5 Nd5 4. Na3 Nc6 5. Bc4 Nb6 6. Be2 Nxe5 7. d4 cxd4 8.
Qxd4 Nc6 9. Qh4 d5 10. Nf3 e5 11. O-O Qxh4 12. Nxh4 Bxa3 13. bxa3 O-O 14. Nf3
Bf5 15. Bb2 Na4 16. Bc1 Nxc3 17. Re1 Nxe2+ 18. Rxe2 Bg4 19. Rb2 Bxf3 20. gxf3 b6
21. a4 Nd4 22. Kg2 Rac8 23. Bd2 Rc4 24. a5 b5 25. Be3 Nc2 26. Rd1 d4 27. Bc1 a6
28. Kg3 Rfc8 0-1

[Event "AUTO-OPEN-4600"]
[Site "http://www.queenalice.com/game.php?id=1864597"]
[Date "2025.10.21"]
[Round "2"]
[White "josebaron"]
[Black "landrov"]
[Result "0-1"]
[WhiteElo "2178"]
[BlackElo "2426"]

1. e4 c5 2. Nf3 Nc6 3. Nc3 d6 4. Bb5 Bd7 5. O-O Nf6 6. Re1 e6 7. Bxc6 Bxc6 8. d4
cxd4 9. Nxd4 Be7 10. Nxc6 bxc6 11. a4 d5 12. e5 Nd7 13. h3 O-O 14. Bf4 Rb8 15.
Rb1 Rb4 16. Bg3 Rc4 17. Ne2 Rxa4 18. b3 Ra3 19. Ra1 Rxa1 20. Qxa1 a5 21. Qa4 Qc7
22. Nd4 Rc8 23. c4 Nc5 24. Qa1 dxc4 25. bxc4 a4 26. Nf3 Rd8 27. Re3 Qb6 28. Bh4
Bxh4 29. Nxh4 Rd3 30. Nf3 h6 31. Re2 Qb3 0-1

[Event "AUTO-OPEN-4600"]
[Site "http://www.queenalice.com/game.php?id=1864598"]
[Date "2025.10.21"]
[Round "2"]
[White "landrov"]
[Black "josebaron"]
[Result "1-0"]
[WhiteElo "2423"]
[BlackElo "2172"]

1. e4 e5 2. Nf3 Nc6 3. Bc4 Be7 4. d4 exd4 5. Nxd4 Nf6 6. Nc3 O-O 7. O-O d6 8.
Re1 Ne5 9. Bf1 a6 10. a4 Re8 11. h3 c5 12. Nde2 Bd7 13. Nf4 Bc6 14. a5 Bf8 15.
Nfd5 Bxd5 16. Nxd5 Nxd5 17. Qxd5 Rb8 18. c3 b5 19. axb6 Rxb6 20. Rxa6 Rxa6 21.
Bxa6 Qb6 22. Bf1 h6 23. f4 Ng6 24. Bc4 Qa7 25. e5 dxe5 26. Qc6 Rc8 27. Qxc8 1-0